00321nam a2200097 a 450008200190000010000250001924500950004426000440013930000070018365000330019000a305.608097 KIN aKinyau, Marco Philip aFostering Mutual Understanding Between Christians and Muslims Through Dialogue in Tanzania aHyderabadbHenry Martyn Institutec1999 a34 aIslam-Relations Christianity